Chicken Soup For The Indian Romantic Soul (Record no. 17865)

MARC details
000 -LEADER
fixed length control field 00434nam a2200157Ia 4500
008 - FIXED-LENGTH DATA ELEMENTS--GENERAL INFORMATION
fixed length control field 220803s9999 xx 000 0 und d
020 ## - INTERNATIONAL STANDARD BOOK NUMBER
International Standard Book Number 978-93-80283-39-5
041 ## - LANGUAGE CODE
Language code of text/sound track or separate title eng
082 ## - DEWEY DECIMAL CLASSIFICATION NUMBER
Classification number 823 CAN/HAN
100 ## - MAIN ENTRY--PERSONAL NAME
Personal name Canfield J
9 (RLIN) 28135
245 ## - TITLE STATEMENT
Title Chicken Soup For The Indian Romantic Soul
260 ## - PUBLICATION, DISTRIBUTION, ETC. (IMPRINT)
Place of publication, distribution, etc. Chennai
Name of publisher, distributor, etc. Westland Ltd
Date of publication, distribution, etc. 2009
300 ## - PHYSICAL DESCRIPTION
Extent 350p
650 ## - SUBJECT ADDED ENTRY--TOPICAL TERM
Topical term or geographic name as entry element English Literature
9 (RLIN) 28136
700 ## - ADDED ENTRY--PERSONAL NAME
Personal name Canfield J Hansen M V
9 (RLIN) 28137
Holdings
Withdrawn status Lost status Damaged status Not for loan Home library Current library Date acquired Total Checkouts Full call number Barcode Date last seen Bill Date Koha item type Original Barcode
        Dr. Bhanuben Nanavati College of Architecture Dr. Bhanuben Nanavati College of Architecture 05/03/2010   823 CAN/HAN BNCA-DB-345 31/03/2023 03/08/2022 Donated Book DB000345